| 000 | 00000nam##2200000za#4500 |
| 001 | 9.654674 |
| 003 | CaOODSP |
| 005 | 20200330133533 |
| 007 | ta |
| 008 | 150407|1990||||xxc||||| f|0| 0 fre|d |
| 020 | |a0-662-57918-6 |
| 040 | |aCaOODSP|bfre |
| 041 | |aeng |
| 041 | |afre |
| 043 | |an-cn--- |
| 086 | 1 |aA61-13/1990 |
| 110 | 1 |aCanada.|bAgriculture Canada. |bDirection générale de la production et de l'inspection des aliments. |
| 245 | 10|aHygiène vétérinaire: revue / |cPublié par la Direction générale de la production et de l'inspection des aliments, Direction de l'hygiène du milieu. |
| 250 | |aSixième édition. |
| 260 | |aOttawa - Ontario : |bAgriculture Canada. |c1990. |
| 300 | |aTexte français, 66p. : |bill. en couleur, références, tableaux ; |c28 cm. |
| 500 | |aN.B.: Le numéro de catalogue imprimé (AG1-13/1990) dans cette publication est incorrect. |
| 546 | |aBilingue |
| 563 | |aCouverture souple |
| 776 | 0#|tHygiène vétérinaire |w(CaOODSP)9.641057 |
| 776 | 0#|tHealth of animals |w(CaOODSP)9.696982 |
| 791 | |tHealth of animals: overview / |eeng|w(CaOODSP)9.654673 |
| 986 | |aPublication 5245/B |